Concise inorganic chemistry / (Record no. 3906)

MARC details
000 -LEADER
fixed length control field 00925pam a2200277 a 4500
001 - CONTROL NUMBER
control field 15527959
003 - CONTROL NUMBER IDENTIFIER
control field OSt
005 - DATE AND TIME OF LATEST TRANSACTION
control field 20160509135507.0
008 - FIXED-LENGTH DATA ELEMENTS--GENERAL INFORMATION
fixed length control field 081119s2008 enka b 001 0 eng
010 ## - LIBRARY OF CONGRESS CONTROL NUMBER
LC control number 2008279140
020 ## - INTERNATIONAL STANDARD BOOK NUMBER
International Standard Book Number 9780632052936 (pbk.)
040 ## - CATALOGING SOURCE
Original cataloging agency DLC
Transcribing agency DLC
Modifying agency DLC
050 00 - LIBRARY OF CONGRESS CALL NUMBER
Classification number QD453.2
Item number .L45 2008
082 00 - DEWEY DECIMAL CLASSIFICATION NUMBER
Classification number 546
Edition number 22
Item number LEE 1996
100 1# - MAIN ENTRY--PERSONAL NAME
Personal name Lee, J. D.
9 (RLIN) 8565
245 10 - TITLE STATEMENT
Title Concise inorganic chemistry /
Statement of responsibility, etc. J.D. Lee.
250 ## - EDITION STATEMENT
Edition statement 5th ed.
260 ## - PUBLICATION, DISTRIBUTION, ETC. (IMPRINT)
Place of publication, distribution, etc. Oxford ;
-- Malden, MA :
Name of publisher, distributor, etc. Blackwell Science,
Date of publication, distribution, etc. 1996.
300 ## - PHYSICAL DESCRIPTION
Extent xxxv, 1032 p. :
Other physical details ill. ;
Dimensions 25 cm.
504 ## - BIBLIOGRAPHY, ETC. NOTE
Bibliography, etc Includes bibliographical references and index.
650 #0 - SUBJECT ADDED ENTRY--TOPICAL TERM
Topical term or geographic name as entry element Chemistry, Physical and theoretical.
9 (RLIN) 2922
650 #0 - SUBJECT ADDED ENTRY--TOPICAL TERM
Topical term or geographic name as entry element Chemical bonds.
9 (RLIN) 8540
906 ## - LOCAL DATA ELEMENT F, LDF (RLIN)
a 7
b cbc
c origcop
d 3
e ncip
f 20
g y-gencatlg
942 ## - ADDED ENTRY ELEMENTS (KOHA)
Source of classification or shelving scheme Dewey Decimal Classification
Koha item type Short Loan
Holdings
Withdrawn status Lost status Source of classification or shelving scheme Damaged status Not for loan Home library Current library Date acquired Inventory number Total Checkouts Full call number Barcode Date last seen Price effective from Koha item type
    Dewey Decimal Classification     MUST Main Library MUST Main Library 09/05/2016 2006/28090   546 LEE 1996 2016-1633 09/05/2016 09/05/2016 Short Loan
    Dewey Decimal Classification     MUST Main Library MUST Main Library 09/05/2016 2006/28089   546 LEE 1996 2016-1634 09/05/2016 09/05/2016 Short Loan
    Dewey Decimal Classification     MUST Main Library MUST Main Library 09/05/2016 2000/14653   546 LEE 1996 2016-1648 09/05/2016 09/05/2016 Short Loan